El cuento mexicano : de los orígenes al modernismo /
Guardado en:
| Autor principal: | |
|---|---|
| Formato: | Libro |
| Idioma: | Español |
| Publicado: |
Buenos Aires, Argentina :
EUDEBA,
1966, c1966
|
| Colección: | (Nuevo Mundo)
|
| Temas: | |
| Etiquetas: |
Sin etiquetas, Sé el primero en etiquetar este registro!
|
MARC
| LEADER | 00000nam^a2200000^a^4500 | ||
|---|---|---|---|
| 001 | 000300412 | ||
| 005 | 20250521000000.0 | ||
| 009 | 20260310112507.336 | ||
| 037 | |a Acervo Xavier Clavigero | ||
| 041 | |a ESP | ||
| 082 | |a 863. |b LEA | ||
| 100 | |a Leal, Luis |e (selec.) | ||
| 245 | 1 | 3 | |a El cuento mexicano : |b de los orígenes al modernismo / |c Selec. y presen. de L. Leal. |
| 264 | 4 | |a Buenos Aires, Argentina : |b EUDEBA, |c 1966, c1966 | |
| 300 | |a 140 p. | ||
| 336 | |a texto |b txt |2 rdacontenido | ||
| 337 | |a sin mediación |b n |2 rdamedio | ||
| 338 | |a volumen |b nc |2 rdasoporte | ||
| 440 | 1 | |a (Nuevo Mundo) | |
| 649 | |a XX | ||
| 650 | |a Cuentos Mexicanos | ||
| 650 | |a Literatura Mexicana | ||
| 910 | |a Fondo General | ||
| 920 | |a Impresos - Libros | ||
| 930 | |a Colección General | ||
| 940 | |a Literatura | ||
| 905 | |a 101 | ||
| 901 | |a 067787 |b IT1 |c LIT |u 20250521 | ||
| 902 | |a https://opac.biblio.iteso.mx/vufind/Record/000300412 | ||